[Event "COL-ch Cat B/C U2200"]
[Site "Medellin"]
[Date "2021.06.10"]
[Round "1"]
[White "Rangel, Carlos"]
[Black "Alvarez, Carlos F"]
[Result "1-0"]
[WhiteElo "1966"]
[BlackElo "1791"]
[PlyCount "93"]
[EventDate "2021.06.10"]
[EventType "swiss"]
[EventRounds "7"]
[EventCountry "COL"]
[SourceTitle "EXT 2022"]
[Source "ChessBase"]
[SourceDate "2021.10.06"]
[SourceVersion "1"]
[SourceVersionDate "2021.10.06"]
[SourceQuality "1"]

1. e4 d6 2. d4 Nf6 3. f3 c6 4. Be3 Nbd7 5. Bc4 b5 6. Bb3 Bb7 7. Ne2 Qc7 8. Qd2 a6 9. c3 e6 10. Na3 Be7 11. Rd1 0-0 12. 0-0 c5 13. dxc5 Nxc5 14. Bc2 Rac8 15. Bb1 Rfd8 16. Nf4 h6 17. Qf2 d5 18. exd5 Nxd5 19. Nxd5 Rxd5 20. Rxd5 Bxd5 21. Qc2 f5 22. Qc1 Bd6 23. Kh1 Bxh2 24. Bxc5 Qxc5 25. Kxh2 b4 26. Nc2 bxc3 27. bxc3 Qd6+ 28. Kh1 Rxc3 29. Qe1 Qc5 30. Qf2 Qc4 31. Kg1 f4 32. Qd2 a5 33. Ne1 a4 34. Nd3 Qd4+ 35. Kh2 g5 36. Rd1 Rc4 37. Qb2 Rc3 38. Nf2 Qc4 39. Ng4 Kf7 40. Nxh6+ Ke7 41. Ng4 a3 42. Qd2 Qc5 43. Be4 Kd6 44. Nf6 Qe3 45. Bxd5 Qxd2 46. Rxd2 exd5 47. Ne4+ 1-0

[Event "Antioquia op-B"]
[Site "Medellin"]
[Date "2018.04.28"]
[Round "4"]
[White "Giraldo Alvarez, Simon"]
[Black "Alvarez, Carlos F"]
[Result "1-0"]
[WhiteElo "1383"]
[BlackElo "1815"]
[PlyCount "73"]
[EventDate "2018.04.25"]
[EventType "swiss"]
[EventRounds "7"]
[EventCountry "COL"]
[SourceTitle "CBM 184 Extra"]
[Source "ChessBase"]
[SourceDate "2018.06.28"]
[SourceVersion "1"]
[SourceVersionDate "2018.06.28"]
[SourceQuality "1"]

1. c4 Nf6 2. Nc3 e5 3. Nf3 Nc6 4. e4 Bc5 5. h3 d6 6. g3 Be6 7. d3 0-0 8. Bg2 a6 9. 0-0 Rb8 10. Ng5 h6 11. Nxe6 fxe6 12. Kh2 Qe8 13. f4 exf4 14. gxf4 Nh5 15. Qg4 Nf6 16. Qg3 Nh5 17. Qg4 b5 18. e5 Nd4 19. Be4 Nf5 20. Ne2 bxc4 21. d4 Ba7 22. d5 exd5 23. Bxf5 dxe5 24. Qg6 Qxg6 25. Bxg6 Nxf4 26. Bxf4 exf4 27. Rab1 Be3 28. Nc3 c6 29. b3 Bd2 30. Rf3 Rf6 31. Bc2 Re8 32. Nd1 Re2+ 33. Rf2 Rfe6 34. bxc4 Rxf2+ 35. Nxf2 Re2 36. Bg6 Re6 37. Rb8+ 1-0

[Event "OP-2014-0-03328"]
[Site "LSS email"]
[Date "2014.03.10"]
[Round "?"]
[White "Alvarez, Carlos F"]
[Black "Smith, Harry"]
[Result "0-1"]
[WhiteElo "1400"]
[BlackElo "676"]
[PlyCount "33"]
[EventDate "2014.03.07"]
[EventType "tourn (corr)"]
[EventRounds "4"]
[EventCountry "GER"]
[SourceTitle "Corr 2022"]
[Source "ChessBase"]
[SourceDate "2021.10.24"]
[SourceVersion "1"]
[SourceVersionDate "2021.10.24"]
[SourceQuality "1"]

1. e4 e6 2. d4 d5 3. Nd2 c6 4. Ngf3 Be7 5. Bd3 Nf6 6. 0-0 0-0 7. c3 c5 8. dxc5 Bxc5 9. e5 Nfd7 10. Nb3 Be7 11. a4 a6 12. a5 b5 13. axb6 Bb7 14. Na5 Qc8 15. Be3 Nc6 16. b4 Ncxe5 17. Nxe5 0-1